Le misanthrope
Tallennettuna:
| Päätekijä: | |
|---|---|
| Aineistotyyppi: | Kirja |
| Kieli: | Undetermined |
| Julkaistu: |
París, Francia
Bordas
1967
|
| Aiheet: | |
| Tagit: |
Lisää tagi
Ei tageja, Lisää ensimmäinen tagi!
|
MARC
| LEADER | 00000nam a2200000Ia 4500 | ||
|---|---|---|---|
| 008 | 170316s9999 xx 000 0 und d | ||
| 040 | |a cru BVZT | ||
| 090 | |a 840 M-22mi | ||
| 100 | |a Moliére | ||
| 245 | |a Le misanthrope | ||
| 260 | |a París, Francia | ||
| 260 | |b Bordas | ||
| 260 | |c 1967 | ||
| 300 | |a 127 páginas | ||
| 650 | |a LITERATURA FRANCESA | ||
| 999 | |c 7825 |d 7825 | ||
| 942 | |c 15 D |h 840 M-22mi |2 z | ||
